000 00308nam a22001457a 4500
008 231121b ||||| |||| 00| 0 eng d
020 _a0805237356
041 _aeng
080 _a618
082 _a618OAK
100 _a12
101 _aGJINE
245 _aBECOMING A MOTHER
_cOAKLEY .A
942 _2udc
_cBK
999 _c60496
_d60496